The Reality of Aid 2000 / (Record no. 616582)

MARC details
000 -LEADER
fixed length control field 00552nam a2200169Ia 4500
008 - FIXED-LENGTH DATA ELEMENTS--GENERAL INFORMATION
fixed length control field 260302s9999 xx 000 0 und d
020 ## - INTERNATIONAL STANDARD BOOK NUMBER
ISBN 9781849710510
082 ## - DEWEY DECIMAL CLASSIFICATION NUMBER
Classification number 338.91091724
Item number RAN
100 ## - MAIN ENTRY--AUTHOR NAME
Personal name Randel, Judith
245 #0 - TITLE STATEMENT
Title The Reality of Aid 2000 /
Statement of responsibility, etc Randel, Judith; German, Tony; Ewing, Deborah
260 ## - PUBLICATION, DISTRIBUTION, ETC. (IMPRINT)
Name of publisher Routledge,
Year of publication 2009
520 ## - SUMMARY, ETC.
Summary, etc First Published in 2009. Routledge is an imprint of Taylor & Francis, an informa company.
650 ## - SUBJECT ADDED ENTRY--TOPICAL TERM
Topical Term Economic assistance
700 ## - ADDED ENTRY--PERSONAL NAME
Personal name Ewing, Deborah
942 ## - ADDED ENTRY ELEMENTS (KOHA)
Koha item type English Books
Holdings
Withdrawn status Lost status Damaged status Not for loan Home library Current library Shelving location Date acquired Full call number Accession Number Price effective from Koha item type
        Anna Centenary Library Anna Centenary Library 4TH FLOOR, A WING 02.03.2026 338.91091724 RAN 445688 02.03.2026 English Books

Find us on the map